Моя жизнь. Воспоминания; М. М. Ковалевский; Археографическое предисловие; Моя жизнь; Письма М. М. Ковалевского к Чупрову Александру Ивановичу; Поездки по Кавказу

Detalles Bibliográficos
Autor principal: Ковалевский М. М. Максим Максимович
Autores Corporativos: Центральный исторический архив г. Москвы, Российская академия наук (РАН) Архив
Sumario:В суперобложке
Творческое наследие М. М. Ковалевского (1851—1916), крупного ученого и общественного деятеля, всегда привлекало внимание историков, социологов, этнографов, юристов, экономистов. По словам П. Н. Милюкова, «Ковалевский есть наше общее национальное богатство, которым мы горды, которого у нас никому не отнять». Воспоминания М. М. Ковалевского «Моя жизнь» представляют несомненный интерес для исследователей, так как ему пришлось общаться со многими видными учеными, политиками, литераторами, что нашло отражение в воспоминаниях. Мемуары охватывают период от детства до событий лета 1914 г. Они никогда ранее не издавались полностью, публиковались лишь отдельные фрагменты глав. Дополняют воспоминания письма М. М. Ковалевского к своему другу А. И. Чупрову, профессору политэкономии и статистики Московского университета, чл.-корр. Петербургской Академии наук. В Приложение включены путевые заметки М. М. Ковалевского «В горских обществах Кабарды» и «В Сванетии».
Lenguaje:ruso
Publicado: Москва, Росспэн, 2005
TOC:Н. Б. Хайлова, М. М. Ковалевский;
Ю. С. Воробьева, Археографическое предисловие;
М. М. Ковалевский, Моя жизнь;
Письма М. М. Ковалевского к Чупрову Александру Ивановичу;
М. М. Ковалевский, Поездки по Кавказу;
Materias:
Formato: Libro
KOHA link:https://koha.lib.tpu.ru/cgi-bin/koha/opac-detail.pl?biblionumber=70276

MARC

LEADER 00000nam0a2200000 4500
001 70276
005 20231101212512.0
010 |a 5824306389 
035 |a (RuTPU)RU\TPU\book\74819 
090 |a 70276 
100 |a 20041118d2005 k y0rusy50 ca 
101 0 |a rus 
102 |a RU 
105 |a y z 001za 
200 1 |a Моя жизнь. Воспоминания  |f М. М. Ковалевский  |g Архив РАН; Центральный исторический архив г. Москвы 
210 |a Москва  |c Росспэн  |d 2005 
215 |a 784 с. 
300 |a В суперобложке 
320 |a Именной указатель: с. 765-782. 
320 |a Комментарии: с. 656-764. 
330 |a Творческое наследие М. М. Ковалевского (1851—1916), крупного ученого и общественного деятеля, всегда привлекало внимание историков, социологов, этнографов, юристов, экономистов. По словам П. Н. Милюкова, «Ковалевский есть наше общее национальное богатство, которым мы горды, которого у нас никому не отнять». Воспоминания М. М. Ковалевского «Моя жизнь» представляют несомненный интерес для исследователей, так как ему пришлось общаться со многими видными учеными, политиками, литераторами, что нашло отражение в воспоминаниях. Мемуары охватывают период от детства до событий лета 1914 г. Они никогда ранее не издавались полностью, публиковались лишь отдельные фрагменты глав. Дополняют воспоминания письма М. М. Ковалевского к своему другу А. И. Чупрову, профессору политэкономии и статистики Московского университета, чл.-корр. Петербургской Академии наук. В Приложение включены путевые заметки М. М. Ковалевского «В горских обществах Кабарды» и «В Сванетии». 
464 |t М. М. Ковалевский  |f Н. Б. Хайлова 
464 |t Археографическое предисловие  |f Ю. С. Воробьева 
464 |t Моя жизнь  |f М. М. Ковалевский 
464 |t Письма М. М. Ковалевского к Чупрову Александру Ивановичу 
464 |t Поездки по Кавказу  |f М. М. Ковалевский  |a Ковалевский, М. М. 
600 1 |a Ковалевский  |g Максим Максимович  |b М. М.  |c российский историк  |f 1851-1916  |c юрист  |c социолог эволюционистского направления  |c академик Петербургской АН  |2 stltpui  |3 (RuTPU)RU\TPU\pers\1152 
600 1 |a Чупров  |b А. И.  |c русский экономист, статистик, публицист  |f 1842-1908  |g Александр Иванович  |2 stltpush  |3 (RuTPU)RU\TPU\pers\15025  |9 5127 
610 1 |a общественная мысль 
610 1 |a философия 
610 1 |a русская философия 
610 1 |a история 
610 1 |a социология 
610 1 |a эволюционизм 
610 1 |a Россия 
610 1 |a 19 век 
610 1 |a 20 век 
610 1 |a русские ученые 
610 1 |a персоналии 
610 1 |a воспоминания 
610 1 |a мемуары 
610 1 |a письма 
610 1 |a переписка 
686 |a Ю3(2)6  |v LBC/SL-A  |2 rubbk 
686 |a Ч611.68  |v LBC/SL-A  |2 rubbk 
700 1 |a Ковалевский  |b М. М.  |c российский историк  |c юрист  |c социолог эволюционистского направления  |c академик Петербургской АН  |f 1851-1916  |g Максим Максимович  |2 stltpui  |3 (RuTPU)RU\TPU\pers\1152  |9 522 
712 0 2 |a Центральный исторический архив г. Москвы  |2 stltpush  |3 (RuTPU)RU\TPU\col\9185  |9 24658 
712 0 2 |a Российская академия наук (РАН)  |b Архив  |c (Москва)  |2 stltpush  |3 (RuTPU)RU\TPU\col\2962 
801 1 |a RU  |b 63413507  |c 20041118  |g PSBO 
801 2 |a RU  |b 63413507  |c 20081014  |g PSBO 
942 |c BK 
959 |a 18/20060226  |d 1  |e 308,82  |f РФ:1